Capital, Largest City, or Both? - Statistics

General Stats
  • This quiz has been taken 36 times
  • The average score is 17 of 20
Answer Stats
Hint Answer % Correct
Paris BOTH
97%
London BOTH
94%
Canberra CAPITAL
94%
Dubai LARGEST CITY
94%
Tbilisi BOTH
91%
Moscow BOTH
91%
Casablanca LARGEST CITY
91%
Lagos LARGEST CITY
91%
Tokyo BOTH
88%
New York City LARGEST CITY
88%
São Paulo LARGEST CITY
88%
Zurich LARGEST CITY
88%
Ottawa CAPITAL
84%
Mumbai LARGEST CITY
84%
Islamabad CAPITAL
81%
Bratislava BOTH
78%
Wellington CAPITAL
72%
Beijing CAPITAL
69%
Rome BOTH
66%
Brussels CAPITAL
25%
No matching quizzes found
Score Distribution
Percent of People with Each Score
Percentile by Number Answered
Your Score History
You have not taken this quiz